000 00264nam a2200109Ia 4500
008 190216s9999||||xx |||||||||||||| ||und||
100 _aKunjukrishnan Pallippat
245 0 _aPithakanmarum Puthranmarum
260 _bNbs Kottayam
650 _aKathakal
942 _cBK
999 _c24570
_d24570